000 00344nam a2200145Ia 4500
008 230718s9999 xx 000 0 und d
041 _aEng.
082 _a3425
_bREH-M
100 _aRehman Raiz Abdul
245 0 _aManaads of general election
260 _aPakistan
_bPunjab law book
_c2013
300 _a396
650 _aLaw
999 _c28132
_d28132